Sports Quiz

Random Sports or MLB Quiz

MLB All-Time Home Run Leaders Quiz Stats

 Plays Quiz not verified by Sporcle

Support Sporcle.
Go Orange.
Score 0/100 Timer 10:00
0 Plays Today
Number of HRs Name % Correct
762Barry Bonds
100%
714Babe Ruth
100%
755Hank Aaron
99.4%
696Alex Rodriguez
99.4%
660Willie Mays
99.4%
630Ken Griffey Jr.
99.4%
609Sammy Sosa
98.9%
583Mark McGwire
98.9%
563Reggie Jackson
97.8%
612Jim Thome
97.2%
536Mickey Mantle
97.2%
521Frank Thomas
97.2%
521Ted Williams
97.2%
586Frank Robinson
96.6%
426Billy Williams
96.6%
656*Albert Pujols
96.1%
378Matt Williams
96.1%
569Rafael Palmeiro
95.5%
573Harmon Killebrew
94.4%
512Ernie Banks
94.4%
548Mike Schmidt
93.9%
541David Ortiz
93.9%
468Chipper Jones
93.9%
449Jeff Bagwell
93.3%
434Andruw Jones
93.3%
555Manny Ramirez
92.7%
521Willie McCovey
92.7%
386Aramis Ramirez
92.7%
354Lee May
92.7%
534Jimmie Foxx
92.2%
493Lou Gehrig
92.2%
509Gary Sheffield
91.1%
475Stan Musial
91.1%
434Juan Gonzalez
91.1%
Number of HRs Name % Correct
511Mel Ott
90.5%
504Eddie Murray
89.9%
477*Miguel Cabrera
89.9%
354Luiz Gonzalez
89.9%
438Andre Dawson
89.4%
431Cal Ripken Jr
89.4%
512Eddie Mathews
88.8%
475Willie Stargell
88.8%
389Johnny Bench
88.8%
473Carlos Delgado
87.2%
452Carl Yastrzemski
87.2%
382Frank Howard
86.6%
382Ryan Howard
86.6%
462Jose Canseco
85.5%
396Joe Carter
85.5%
383Larry Walker
85.5%
369Todd Helton
84.4%
449Vladimir Guerrero
83.2%
493Fred McGriff
82.7%
407Duke Snider
82.7%
477Adrian Beltre
81.6%
399Al Kaline
81.6%
435Carlos Beltran
81%
427Mike Piazza
80.4%
366Lance Berkman
80.4%
361Joe DiMaggio
79.3%
358Yogi Berra
79.3%
382Jim Rice
77.7%
439Paul Konerko
77.1%
398Dale Murphy
76.5%
379Tony Perez
75.4%
369Ralph Kiner
74.9%
409Mark Teixeira
74.3%
465Dave Winfield
72.6%
Number of HRs Name % Correct
462Adam Dunn
72.6%
414Darrell Evans
69.8%
385Dwight Evans
69.8%
399Andres Galarraga
68.7%
381Albert Belle
68.7%
377Jeff Kent
67%
442Dave Kingman
65.9%
440Jason Giambi
65.9%
390Graig Nettles
64.2%
379Orlando Cepeda
63.7%
370Gil Hodges
61.5%
342Ron Santo
61.5%
393Jim Edmonds
60.3%
359Johnny Mize
59.8%
348George Foster
58.7%
377Norm Cash
58.1%
376Carlton Fisk
57%
360Gary Gaetti
57%
412Alfonso Soriano
53.6%
350Chili Davis
53.6%
384Harold Baines
50.8%
355Greg Vaughn
50.3%
344Jose Bautista
50%
374Rocky Colavito
46.9%
358Carlos Lee
44.7%
351Dick Allen
44.7%
352Ellis Burks
39.7%
414*Edwin Encarnacion
37.5%
353Torii Hunter
33.5%
401*Nelson Cruz
33.3%
344*Ryan Braun
33.3%
344*Curtis Granderson
16.7%

You're not logged in!

Compare scores with friends on all Sporcle quizzes.
OR
Log In

From the Vault

Longest Coastlines Minefield

by RobPro

Sure, these beaches are nice and sunny, but typing in the wrong one could be dangerous.
Remove Ads.
Support Sporcle.
Get the best of Sporcle when you Go Orange. This ad-free experience offers more features, more stats, and more fun while also helping to support Sporcle. Thank you for becoming a member.

Show Comments

Extras

Created Jan 20, 2016SourceReportNominate
Tags:MLB Quiz, home, hrs, Leader, run, team

Top Quizzes Today


Score Distribution

Your Account Isn't Verified!

In order to create a playlist on Sporcle, you need to verify the email address you used during registration. Go to your Sporcle Settings to finish the process.

Report this User

Report this user for behavior that violates our Community Guidelines.

Details: